Catálogo de la Biblioteca Horacio González - Universidad Nacional de General Sarmiento

Hasta cierto punto (Registro nro. 54135)

Detalles MARC
000 -CABECERA
campo de control de longitud fija 01381ngm a22003130a 4500
001 - NÚMERO DE CONTROL
campo de control PT14867
003 - IDENTIFICADOR DEL NÚMERO DE CONTROL
campo de control AR-LpoUNG
005 - FECHA Y HORA DE LA ÚLTIMA TRANSACCIÓN
campo de control 20210202000119.0
007 - CAMPO FIJO DE DESCRIPCIÓN FÍSICA--INFORMACIÓN GENERAL
campo de control de longitud fija vd cvaizq
008 - DATOS DE LONGITUD FIJA--INFORMACIÓN GENERAL
campo de control de longitud fija 191001s1983||||ag |||||||||||||||||spa d
040 ## - FUENTE DE LA CATALOGACIÓN
Centro catalogador/agencia de origen AR-LpoUNG
Lengua de catalogación spa
Centro/agencia transcriptor AR-LpoUNG
Normas de descripción aacr
041 ## - CÓDIGO DE LENGUA
Código de lengua del texto/banda sonora o título independiente spa
044 ## - CÓDIGO DEL PAÍS DE LA ENTIDAD EDITORA/PRODUCTORA
Código MARC del país ag
082 0# - NÚMERO DE LA CLASIFICACIÓN DECIMAL DEWEY
Número de clasificación 305.562 983has
100 1# - ENTRADA PRINCIPAL--NOMBRE DE PERSONA
Nombre de persona Gutiérrez Alea, Tomás
Término indicativo de función/relación dir.
245 10 - MENCIÓN DE TÍTULO
Título Hasta cierto punto
260 ## - PUBLICACIÓN, DISTRIBUCIÓN, ETC.
Lugar de publicación, distribución, etc. Buenos Aires :
Nombre del editor, distribuidor, etc. Yesterday Video Cine,
Fecha de publicación, distribución, etc. 1983.
300 ## - DESCRIPCIÓN FÍSICA
Extensión VHS (68 min.) : son., col.
520 ## - SUMARIO, ETC.
Sumario, etc. Oscar es guionista y prepara un film sobre el machismo de los trabajadores de La Habana. Mientras investiga sobre el tema, conoce a la obrera Alina. Esta le inspira un personaje en su libreto. Entre ellos comienza un romance, lo que produce una crisis en el matrimonio del primero. A la vez surgen diferencias con el director del aún inconcluso filme. Este tiene una concepción mucho mas restringida respecto al tema machismo que Oscar, el cual finalmente no logra resolver sus problemas. La obra muestra el contraste entre intelectuales y obreros en nuestra sociedad.
650 #4 - PUNTO DE ACCESO ADICIONAL DE MATERIA--TÉRMINO DE MATERIA
Término de materia o nombre geográfico como elemento de entrada CUBA
650 #4 - PUNTO DE ACCESO ADICIONAL DE MATERIA--TÉRMINO DE MATERIA
Término de materia o nombre geográfico como elemento de entrada INTELECTUALES
650 #4 - PUNTO DE ACCESO ADICIONAL DE MATERIA--TÉRMINO DE MATERIA
Término de materia o nombre geográfico como elemento de entrada PROBLEMAS SOCIALES
650 #4 - PUNTO DE ACCESO ADICIONAL DE MATERIA--TÉRMINO DE MATERIA
Término de materia o nombre geográfico como elemento de entrada TRABAJADORES
651 #4 - PUNTO DE ACCESO ADICIONAL DE MATERIA--NOMBRE GEOGRÁFICO
Nombre geográfico Cuba
653 ## - TÉRMINO DE INDIZACIÓN--NO CONTROLADO
Término no controlado VIDEOS
710 2# - PUNTO DE ACCESO ADICIONAL--NOMBRE DE ENTIDAD CORPORATIVA
Nombre de entidad corporativa o nombre de jurisdicción como elemento de entrada Instituto Cubano del Arte e Industria Cinematográficos (La Habana)
905 ## - ELEMENTOS DE DATOS E LOCAL, LDE (RLIN)
a 14867
942 ## - ELEMENTOS DE PUNTO DE ACCESO ADICIONAL (KOHA)
Tipo de ítem Koha Video
Existencias
Estado de retiro Estado de pérdida Estado dañado No para préstamo Código de colección Localización permanente Ubicación/localización actual Fecha de adquisición Total de préstamos Signatura topográfica completa Código de barras Fecha visto por última vez Precio válido a partir de Tipo de ítem Koha
        Colección Cine Biblioteca Universidad Nacional de General Sarmiento Biblioteca Universidad Nacional de General Sarmiento 02/02/2021   305.562 983has 00018245 02/02/2021 02/02/2021 Video